|
|
|
|
| LEADER |
00000nab a2200000 a 4500 |
| 001 |
vtls010429460 |
| 003 |
SK-MaSNL |
| 005 |
20260303094022.0 |
| 008 |
120613|2012 xo m|| | 000 0 cze |
| 015 |
|
|
|a SNBRB2012/06
|2 lmaosk
|
| 040 |
|
|
|a LMAOSK
|b slo
|c LMAOSK
|e AACR2
|
| 041 |
0 |
|
|a cze
|
| 044 |
|
|
|a xo
|c SK
|
| 080 |
|
|
|a 623.442.5
|2 1981
|
| 100 |
1 |
|
|a Koller, Martin
|4 aut
|9 781486
|
| 245 |
1 |
0 |
|a Granátomet M320
|b tiché přezbrojování
|c Martin Koller
|
| 300 |
|
|
|b Fotogr.
|
| 650 |
0 |
7 |
|a M320 (granátomet)
|x technické údaje
|2 lmaosk
|9 1105824
|
| 650 |
0 |
7 |
|a granátomety
|2 lmaosk
|9 1093057
|
| 773 |
0 |
|
|t Zbraně & náboje : časopis muže, který zná svůj cíl
|g Roč. XIV, č. 6 (2012), s. 60-62
|x 1212-5210
|
| 852 |
|
|
|a LMAOSK
|b KIS3GCP
|
| 958 |
|
|
|a US
|
| 999 |
|
|
|c 1818421
|d 1820351
|